| 000 | 00466cam a2200145 4500500 | ||
|---|---|---|---|
| 005 | 20251012032440.0 | ||
| 041 | _afre | ||
| 042 | _adc | ||
| 100 | 1 | 0 |
_aSesé, Bernard _eauthor |
| 245 | 0 | 0 | _aAntonio Muñoz Molina : Le Sceau du secret (El Dueño del secreto)1 |
| 260 | _c1999. | ||
| 500 | _a53 | ||
| 786 | 0 | _nSigila | 3 | 2 | 1999-12-20 | p. 143-144 | 1286-1715 | |
| 856 | 4 | 1 | _uhttps://shs.cairn.info/revue-sigila-1999-1-page-143?lang=fr&redirect-ssocas=7080 |
| 999 |
_c1547289 _d1547289 |
||